| 000 | 00988nam a2200289 i 4500 | ||
|---|---|---|---|
| 001 | 000038796 | ||
| 003 | DO-SdBNP | ||
| 005 | 20250620093040.0 | ||
| 007 | ta | ||
| 008 | 100219s2003 dr 000 0 spa d | ||
| 040 |
_aDO-SdBNP _bspa _cBNPHU _erda |
||
| 041 | _aspa | ||
| 082 | 4 |
_a342.729302 _bR426c, 2003 _222 |
|
| 110 | 1 |
_aRepública Dominicana. _9447 |
|
| 245 | 1 | 0 |
_aConstitución de la República Dominicana : _bproclamada el 25 de julio de 2002. |
| 264 | 1 |
_aSanto Domingo : _bNomara, _c2003. |
|
| 300 |
_a58 páginas ; _c21 cm. |
||
| 336 |
_atexto _btxt _2rdacontent |
||
| 337 |
_asin mediación _bn _2rdamedia |
||
| 338 |
_avolumen _bnc _2rdacarrier |
||
| 500 | _aJefatura de Estado Mayor, Ejercito Nacional, Fragua de la libertad. | ||
| 590 | _aInventariado, 2018/ YL | ||
| 651 | 4 |
_aRepública Dominicana _xConstitución (2002{Rpara} _910514 |
|
| 651 | 4 |
_aRepública Dominicana _zDerecho Constitucional _9449 |
|
| 910 | _aValidado. Control de calidad MFF | ||
| 942 |
_2ddc _cLBS1 |
||
| 999 |
_c38286 _d38286 |
||